002020000a220007300045001000018000002450042000183000052000607730016001121 aSkousen, Mark10aThe rich get richer, and the poor get aVol. 47, Num 3 (Marzo, 1997), Páginas 175-1760 tThe Freeman